00447nam a22001577a 4500008004100000020001500041050002300056100001700079245005300096250001200149260003900161300001500200650002600215650003200241700001600273220307b |||||||| |||| 00| 0 eng d a1473725508 aHG3881b.M33 2017  aMadura, Jeff aInternational Financial Management cJeff Madura a4th ed. aAustraliabCengage Learning c2017 axix, 679p. aInternational finance aAssetvliability management aFox, Roland